Marketing v podmienkach získavania reklamných plôch bakalárska práca
Salvato in:
| Autore principale: | |
|---|---|
| Ente Autore: | |
| Altri autori: | |
| Natura: | Capitolo di libro |
| Lingua: | slovacco |
| Pubblicazione: |
Košice
2010
|
| Tags: |
Nessun Tag, puoi essere il primo ad aggiungerne!!
|
MARC
| LEADER | 00000naa a2200000 4500 | ||
|---|---|---|---|
| 001 | 0135184 | ||
| 005 | 20150416101005.6 | ||
| 041 | 0 | |a slo | |
| 044 | |a SK | ||
| 245 | 1 | 0 | |a Marketing v podmienkach získavania reklamných plôch |b bakalárska práca |c Zuzana Janičová ; školiteľ: Marek Varga |
| 264 | 1 | |a Košice |c 2010 | |
| 300 | |a 48 s. | ||
| 100 | 1 | |a Janičová, Zuzana | |
| 700 | 1 | |a Varga, Marek | |
| 710 | 2 | |a Podnikovohospodárska fakulta EU so sídlom v Košiciach. Katedra marketingu a obchodu | |